00314nam a2200097Ia 4500100002900000650001200029654002600041245007000067260006700137546001200204 aMinistry of Welfare GoI  aGeneral aAlcoholism and drug aAlcoholism and Drug Dependency : Professional Master guide bT.T. Ranganathsn Chemical Research FoundationaMadrasc1989 aENGLISH